Tư duy có hệ thống tư duy đúng hướng trong thời đại quá tải thông tin
Gorde:
| Egile nagusia: | |
|---|---|
| Beste egile batzuk: | |
| Formatua: | Liburua |
| Argitaratua: |
Hà Nội
Lao động- xã hội
2017
|
| Gaiak: | |
| Etiketak: |
Etiketa erantsi
Etiketarik gabe, Izan zaitez lehena erregistro honi etiketa jartzen!
|
| Thư viện lưu trữ: | Trung tâm Học liệu Lê Vũ Hùng, Trường Đại học Đồng Tháp |
|---|
| LEADER | 00867pam a22002538a 4500 | ||
|---|---|---|---|
| 001 | 00040678 | ||
| 005 | 20180104080101.0 | ||
| 008 | 161027s2015 ||||||Viesd | ||
| 020 | # | # | |c 199000 |a 978 604 65 2638 4 |
| 041 | 0 | # | |a Vie |
| 082 | 1 | 4 | |a 153.4 |b T550D |
| 100 | 0 | # | |a Daniel J. Levitin |
| 245 | 0 | 0 | |a Tư duy có hệ thống |c Daniel J. Levitin; Hoàng Việt Dịch |b tư duy đúng hướng trong thời đại quá tải thông tin |
| 260 | # | # | |b Lao động- xã hội |a Hà Nội |c 2017 |
| 300 | # | # | |a 604 tr. |c 24cm |
| 653 | # | # | |a Phương pháp |
| 653 | # | # | |a tư duy |
| 653 | # | # | |a hệ thống |
| 653 | # | # | |a Thông tin |
| 653 | # | # | |a Tổ chức |
| 700 | 1 | # | |a Hoàng Việt |e dịch |
| 852 | # | # | |j KD.0022885 |
| 910 | |d 04/01/2018 | ||
| 980 | # | # | |a Trung tâm Học liệu Lê Vũ Hùng, Trường Đại học Đồng Tháp |